|
|
|
|
| LEADER |
00000nam a22000007a 4500 |
| 005 |
20200310230618.0 |
| 007 |
cr|||| |||| |
| 008 |
200310s2005 co |||||s|||| 00||0 spa d |
| 020 |
|
|
|a 958-9262-70-8
|
| 035 |
|
|
|a 31205
|
| 040 |
|
|
|a vLex
|
| 090 |
|
|
|c 10226
|d 10226
|
| 100 |
1 |
|
|a Přez, Olga Luca̕
|
| 245 |
1 |
0 |
|a V Informe sobre violencia sociopolt̕ica contra mujeres, jv̤enes y niąs en Colombia
|h [Recurso electrn̤ico] /
|c Olga Luca̕ Přez
|
| 256 |
|
|
|a Servicio en ln̕ea
|
| 260 |
|
|
|a Bogot:̀
|b Comisin̤ Colombiana de Juristas,
|c 2005
|
| 300 |
|
|
|a 1 recurso electrn̤ico
|
| 506 |
1 |
|
|a Disponible solo en los productos indicados
|d vLex Global
|d vLex Global (Academic Edition, excluding Law Schools)
|d vLex Global (U.S. Academic Edition, Law Schools)
|d vLex Global (U.S. Academic Edition, excluding Law Schools)
|d vLex Global (Academic Edition, Law Schools)
|
| 650 |
0 |
4 |
|a Derecho Internacional
|z Colombia
|
| 740 |
0 |
|
|a vLex Libros (Servicio en ln̕ea)
|
| 856 |
4 |
0 |
|u http://vlex.com/source/v-informe-violencia-sociopolitica-mujeres-jovenes-ni-as-colombia-31205
|z Acceso restringido
|
| 942 |
|
|
|c BOOK
|
| 999 |
0 |
|
|a International right
|